00625nam a2200193 i 450000100060000000300090000600500170001500700030003200800410003510000220007624501920009826000290029030000270031949000100034670000250035670000190038183000100040085200210041078228ES-MaACL20230906173617.0t|041013s1951 fr ||||1| fre d1 aHaecker, Theodor.13aLe livre des jours et des nuits b: journal de nuit et de jour : 1939-1945 / cTheodor Haecker ; précedé d'un préface par Robert D'Harcourt ; traduit de l'allemand par Blaise Briod. aParis : bPlon, c[1951] aXXI, 254 p. ; c19 cm.1 aL'Epi0 aHarcourt, Robert d'.1 aBriod, Blaise.0 aL'Epi aES-MaACLjD-5817